• 首页
  • 本馆介绍
  • 公告通知
  • 最新文献
  • 馆藏检索
  • 电子资源
  • 读者导购
  • 参考咨询
  • 我的图书馆
  • 登录
  • 详细信息显示
  • 放入我的书架
  • 预约/预借图书
  • 作者相关作品
  • 分类相关作品
  • 丛书相关作品
  • 出版社相关作品

书目信息

  • 表格格式
  • 工作单格式
  • 卡片格式
题名:
空间解析几何引论
    
 
作者: ;南开大学数学系空间解析几何引论编写组 编
分册: 下册  
出版信息: 北京   人民教育出版社  1978
页数: 171-375页
开本: 19cm
丛书名:
单 册:
中图分类: O182.2
科图分类:
主题词: 立体几何:解析几何--高等学校--教材 , 解析几何:立体几何--高等学校--教材
电子资源:
ISBN:
000 00800nam0 2200241 45
001 0178005861
005 20070922101704.70
010    @dCNY0.49
091    @a13012.0100
100    @a19950725d1978 em y0chiy0121 ea
101 0  @achi
102    @aCN@b110000
105    @ay z 000yy
200 10 @a空间解析几何引论@Akong jian jie xi ji he yin lun@h下册@f南开大学数学系《空间解析几何引论》 编写组编
210    @a北京@c人民教育出版社@d1978
215    @a171-375页@d19cm
300    @a高等学校试用教材
606    @a立体几何:解析几何@x高等学校@x教材
606    @a解析几何:立体几何@x高等学校@x教材
690    @aO182.2@v3
711 02 @a南开大学数学系空间解析几何引论编写组@Anan kai da xue shu xue xi kong jian jie xi ji he yin lun bian xie zu@4编
801  0 @aCN@bNLC@c20070922
905    @dO182.2@e13:2
    
    空间解析几何引论.下册/南开大学数学系《空间解析几何引论》 编写组编.-北京:人民教育出版社,1978
    171-375页;19cm
    高等学校试用教材
    
    ISBN :CNY0.49
    
●
相关链接 在E读中查询图书 在五车中查询图书 在当当中查询图书 在豆瓣中查询图书


正题名:空间解析几何引论     索取号:O182.2/13:2         预约/预借

序号 登录号 条形码 馆藏地/架位号 状态 备注
1 0032646   202287319   密集书库/ [索取号:O182.2/13:2] 在馆    
2 0032647   202287355   密集书库/ [索取号:O182.2/13:2] 在馆    
3 0032648   202287382   密集书库/ [索取号:O182.2/13:2] 在馆    
4 0041286   202287346   密集书库/ [索取号:O182.2/13:2] 在馆    
5 0041287   000398983   第三借阅区/ [索取号:O182.2/13:2] 在馆    
6 0041288   202287300   密集书库/ [索取号:O182.2/13:2] 在馆    
7 0130867   000398938   第三借阅区/ [索取号:O182.2/13:2] 在馆    
8 0130868   000399170   第三借阅区/ [索取号:O182.2/13:2] 在馆    
9 0130869   202094964   第二样本阅览室/ [索取号:O182.2/13:2] 在馆    
10 0431507   204315071   密集书库/ [索取号:O182.2/13:2] 在馆    
11 0431508   204315080   密集书库/ [索取号:O182.2/13:2] 在馆    
12 0454634   204546349   密集书库/ [索取号:O182.2/13:2] 在馆    
13 0454635   204546358   密集书库/ [索取号:O182.2/13:2] 在馆    
14 0454636   204546367   密集书库/ [索取号:O182.2/13:2] 在馆    
15 0454637   204546376   密集书库/ [索取号:O182.2/13:2] 在馆    
16 0454808   204548089   密集书库/ [索取号:O182.2/13:2] 在馆    
17 0454809   204548098   密集书库/ [索取号:O182.2/13:2] 在馆    
18 0458298   204582987   密集书库/ [索取号:O182.2/13:2] 在馆    
19 0462028   204620286   密集书库/ [索取号:O182.2/13:2] 在馆    
20 0468398   204683985   密集书库/ [索取号:O182.2/13:2] 在馆    
21 0609353   206093537   密集书库/ [索取号:O182.2/13:2] 在馆    
22 0765732   207657329   密集书库/ [索取号:O182.2/13:2] 在馆    
23 0767257   207672570   密集书库/ [索取号:O182.2/13:2] 在馆    
唐山师范学院图书馆 欢迎您!
大连网信软件有限公司© 版权所有